Southville International School and Colleges
Your cart is empty.
  • Cart
  • Lists
    Public lists Eva Luna New books Lux_list list_1
    Your lists Log in to create your own lists
  • Log in to your account
  • Your cookies
  • Search history
Southville International School and Colleges
  • Advanced search
  • Recent comments
  • Most popular
  • Libraries

Log in to your account

Log in with GOOGLE


If you do not have an external account, but do have a local account, you can still log in:

  1. Home
  2. MARC view: Animal babies: 1 2 3 /
Normal view MARC view ISBD view

Animal babies: 1 2 3 / (Record no. 104262)

[ view plain ]
MARC details
000 -LEADER
fixed length control field 00757nam a2200217 a 4500
005 - DATE AND TIME OF LATEST TRANSACTION
control field 20140412111317.0
008 - FIXED-LENGTH DATA ELEMENTS--GENERAL INFORMATION
fixed length control field 010417s19uu xx 00 eng d
020 ## - INTERNATIONAL STANDARD BOOK NUMBER
International Standard Book Number 0-8114-6738-4
050 ## - LIBRARY OF CONGRESS CALL NUMBER
Classification number M 513.55
Item number S748 1990
100 ## - MAIN ENTRY--PERSONAL NAME
Personal name Spencer, Eve
245 ## - TITLE STATEMENT
Title Animal babies: 1 2 3 /
Statement of responsibility, etc by Eve Spencer ; illustrated by Susan David.
260 ## - PUBLICATION, DISTRIBUTION, ETC. (IMPRINT)
Place of publication, distribution, etc Austin, Tx :
Name of publisher, distributor, etc Steck-Vaughn Company,
Date of publication, distribution, etc 1990.
300 ## - PHYSICAL DESCRIPTION
Extent 23p. ; ill.
440 ## - SERIES STATEMENT/ADDED ENTRY--TITLE
Title Ready-Set-Read
520 ## - SUMMARY, ETC.
Summary, etc Numbers from one to ten are illustrated with different baby animals and informationn is provided about their traits and habits.
650 ## - SUBJECT ADDED ENTRY--TOPICAL TERM
Topical term or geographic name as entry element Counting-Juvenile literature
650 ## - SUBJECT ADDED ENTRY--TOPICAL TERM
Topical term or geographic name as entry element Animals-Infancy-Juvenile literature
650 ## - SUBJECT ADDED ENTRY--TOPICAL TERM
Topical term or geographic name as entry element Animals-Infancy
650 ## - SUBJECT ADDED ENTRY--TOPICAL TERM
Topical term or geographic name as entry element Counting
Holdings
Withdrawn status Lost status Damaged status Use restrictions Home library Current library Shelving location Date acquired Source of acquisition Total Checkouts Full call number Barcode Date last seen Price effective from Koha item type
        Elizalde Library Elizalde Library Main Section 04/17/2001     M 513.55 S748 1990 E7203 04/12/2014 04/12/2014 Books

Animal babies: 1 2 3 /

APA

Spencer E., . (1990). Animal babies: 1 2 3. Austin, Tx: Steck-Vaughn Company.

Chicago

Spencer Eve, . 1990. Animal babies: 1 2 3. Austin, Tx: Steck-Vaughn Company.

Harvard

Spencer E., . (1990). Animal babies: 1 2 3. Austin, Tx: Steck-Vaughn Company.

MLA

Spencer Eve, . Animal babies: 1 2 3. Austin, Tx: Steck-Vaughn Company. 1990.

  • Place hold
  • Print
  • Cite
  • Add to your cart (remove)
  • Save record
    BIBTEX Dublin Core MARCXML MARC (non-Unicode/MARC-8) MARC (Unicode/UTF-8) MARC (Unicode/UTF-8, Standard) MODS (XML) RIS
  • More searches
    Search for this title in:
    Other Libraries (WorldCat) Other Databases (Google Scholar) Online Stores (Bookfinder.com) Open Library (openlibrary.org)

Exporting to Dublin Core...

SOUTHVILLE LIBRARY

Southville International School and Colleges Library

1281 Tropical Ave. Cor. Luxembourg St., BF Homes International, Las Pinas City

Tel. No. 8256374 / 252358 Loc. 117/146

Powered by Koha